ბათუმის შოთა რუსთაველის სახელმწიფო უნივერსიტეტის ბიბლიოთეკა

ყოველი შემთხვევისთვის : (ბიბ.ჩანაწერი № 60650)

000 -ლიდერი
ფიქსირებული სიგრძის საკონტროლო ველი 00931nam a22001937a 4500
003 - საკონტროლო ნომრის იდენტიფიკატორი
საკონტროლო ველი Ge_BSU
005 - ბოლო ოპერაციის თარიღი და დრო
საკონტროლო ველი 20230929104412.0
008 - ფიქსირებული სიგრძის მონაცემთა ელემენტები - ზოგადი ინფორმაცია
ფიქსირებული სიგრძის საკონტროლო ველი 230929s2022 ge ||||| |||| 00| 0 geo d
020 ## - წიგნის საერთაშორისო სტანდარტული ნომერი
International Standard Book Number 2720-8567
041 ## - ენის კოდი
Language code of text/sound track or separate title geo
080 ## - უნივერსალური ათობითი კლასიფიკაციის ინდექსი
Universal Decimal Classification number 821.1 ყ-61
245 ## - ცნობა სათაურის შესახებ
Title ყოველი შემთხვევისთვის :
Remainder of title პოეზიის ჟურნალი : ტ.2 /
Statement of responsibility, etc რედაქტორ-გამომცემელი: დათო ბარბაქაძე.
264 ## - წარმოების, გამოცემის, დისტრიბუციის და სხვა ცნობები
გამოცემის, წარმოების, დისტრიბუციის... ადგილი ქუთაისი :
გამოცემის, წარმოების, დისტრიბუციის... სახელწოდება დეკემბერი,
გამოცემის, წარმოების, დისტრიბუციის... თარიღი 2022.
300 ## - ფიზიკური აღწერა
Extent 303 გვ.:
Other physical details ილ.;
Dimensions 21 სმ.
500 ## - ზოგადი შენიშვნა
General note ეძღვნება ლოგიკოს ზურაბ მიქელაძის ნატელ ხსოვნას
653 ## - INDEX TERM--UNCONTROLLED
Uncontrolled term პოეზია
700 ## - ADDED ENTRY--PERSONAL NAME
Personal name ბარბაქაძე, დათო
Relator term რედაქტორი. მტარგმნელი
9 (RLIN) 19963
942 ## - ADDED ENTRY ELEMENTS (KOHA)
Source of classification or shelving scheme
Koha item type წიგნი
ეგზემპლარები
ჩამოწერის სტატუსი დაკარგული ეგზემპლარის სტატუსი კლასიფიკაციის წყარო ან თაროზე გაწყობის სქემა დაზიანების სტატუსი არ გაიცემა მუდმივი მდებარეობა (დაცვის ადგილი) ამჟამინდელი ადგილსამყოფელი თაროზე განთავსების ადგილი შეძენის თარიღი ღირებულება, შესყიდვის ნორმალური ფასი სრული შენახვის შიფრი შტრიხკოდი ბოლო ოპერაციის თარიღი ეგზემპლარის მიმდევრობითი ნომერი (კეტერი?) ფასის ძალაში შესვლის თარიღი ეგზემპლარის სახეობა საჯარო შენიშვნა
          ბათუმის შოთა რუსთაველის სახელმწიფო უნივერსიტეტის მთავარი ბიბლიოთეკა ბათუმის შოთა რუსთაველის სახელმწიფო უნივერსიტეტის მთავარი ბიბლიოთეკა წიგნსაცავი 2023-09-29 5.00 821.1 ყ-61 29757 2023-09-29 29757 2023-09-29 წიგნი 5 ლ.